000 00866nam a2200301 a 4500
001 vtls001192812
003 NLI
005 20210603151051.0
008 120328s1957 ii f00| 0 eng d
020 _Rs.20.00
039 9 _y201203281645
_zVLOAD
040 _a NLI
_b eng
_c Entertech IMP - 2012
_e AACR2
041 0 _aeng
044 _aii
084 _a135.H.131
100 1 _aKothari, G. L.
_9238338
245 1 0 _aBonus and profit sharing:
_btheory, law and practice(with special reference to India)/
_cG. L. Kothari
260 _aDelhi:
_bMetropoliton Book,
_c1957
300 _axxix,431p. ;
_c23 cm.
650 0 _aProfit-sharing
650 0 _aBonus system
650 0 _aGrocery trade
_9626189
887 _a
901 _a315716:
_b10.07.1957
902 _a135.H.131
942 _2ddc
_cBKS
949 _AVIRTUAITEM
_D10000
_X100
_6IMP000315716ENG
999 _c463560
_d463560